Morals and medicine ; the moral problems of: the patient's right to know the truth, contraception, artificial insemination, sterilization, euthanasia /

Bibliographic Details
Main Author: Fletcher, Joseph F.
Format: Book
Language:English
Published: Princeton, N.J. : Princeton University Press, 1954.
Subjects:

MARC

Tag First Indicator Second Indicator Subfields
LEADER 00000cam a2200000 4500
001 in00000064523
005 20151007083304.0
008 750721s1954 nju b 00000 eng u
010 |a  54009019  
035 |a (OCoLC)01462232 
035 |9 AAF9145AM 
040 |c BPS  |d TXA  |d UtOrBLW 
049 |a TXAM  |c 1 [241568]  |c 2 [247196] 
050 0 |a R724  |b .F55 
082 0 |a 610.69  |a 174.2 
092 |a 174.2  |b F613m 
100 1 |a Fletcher, Joseph F. 
245 1 0 |a Morals and medicine ;  |b the moral problems of: the patient's right to know the truth, contraception, artificial insemination, sterilization, euthanasia /  |c With a foreword by Karl Menninger. 
264 1 |a Princeton, N.J. :  |b Princeton University Press,  |c 1954. 
300 |a 243 pages ;  |c 23 cm. 
336 |a text  |b txt  |2 rdacontent 
337 |a unmediated  |b n  |2 rdamedia 
338 |a volume  |b nc  |2 rdacarrier 
504 |a Includes bibliography. 
650 0 |a Medical ethics. 
650 0 |a Medicine  |x Religious aspects. 
999 |a MARS 
999 f f |s dbe5cccf-aecd-3615-b910-7705b9163a10  |i 415539e1-8a32-30ac-b3d2-0685e5dd4d4c  |t 0 
952 f f |p ric  |a Texas A&M University  |b Rellis Campus  |c Joint Library Facility  |s JLF  |d Remote Storage  |t 0  |e R724 .F55  |h Library of Congress classification  |i unmediated -- volume  |m A14800536082 
998 f f |a R724 .F55  |t 0  |l Remote Storage